Statistics for UK Town Quiz - Northamptonshire - Extreme

Click here to take the quiz!

General Stats

  • This quiz has been taken 10 times
  • The average score is 14 of 69

Answer Stats

CluePopulationName of Town% Correct
C68,164Corby
100%
K63,144Kettering
88%
R31,690Rushden
75%
W54,412Wellingborough
75%
D27,786Daventry
63%
D11,910Desborough
63%
T11,331Towcester
63%
B16,195Brackley
50%
E6,069Earls Barton
50%
I9,325Irthlingborough
50%
N243,511Northampton
50%
R10,233Raunds
50%
R8,624Rothwell
50%
B5,766Brixworth
38%
B10,444Burton Latimer
38%
O6,254Oundle
38%
S2,541Silverstone
38%
T7,238Thrapston
38%
B1,983Broughton
25%
B3,040Bugbrooke
25%
C1,363Cottingham
25%
H8,827Higham ferrers
25%
L3,824Long Buckby
25%
M4,957Moulton
25%
R3,575Roade
25%
W3,566Wollaston
25%
B2,173Bozeat
13%
B1,436Brigstock
13%
B1,302Byfield
13%
C1,474Cogenhoe
13%
F4,552Finedon
13%
G1,142Great Doddington
13%
G1,522Gretton
13%
I4,546Irchester
13%
K2,305Kings Sutton
13%
K1,324Kislingbury
13%
M4,121Middleton Cheney
13%
S1,635Sywell
13%
W2,858Weedon Bec
13%
W3,043Weldon
13%
W1,470Woodford
13%
Y1,291Yardley Gobion
13%
B1,602Bilsworth
0%
B1,518Braunston
0%
C1,514Collingtree
0%
C2,246Crick
0%
C1,199Croughton
0%
D4,131Deanshanger
0%
E1,096Easton on the Hill
0%
F1,452Flore
0%
G1,526Geddington
0%
G1,529Greens Norton
0%
H1,346Harpole
0%
H1,491Hartwell
0%
K1,340Kilsby
0%
K1,585Kings Cliffe
0%
M2,487Mawsley Village
0%
N1,505Nether Heyford
0%
O2,427Old Stratford
0%
O1,668Onley
0%
P1,081Pattishall
0%
P1,637Potterspury
0%
R1,371Ringstead
0%
S1,287Spratton
0%
S1,891Stanwick
0%
W1,047Warmington
0%
W1,199Welford
0%
W1,984West Haddon
0%
W4,284West Halse
0%

Score Distribution

Percentile by Number Answered

Percent of People with Each Score

Your Score History

You have not taken this quiz